Грузенберга О.

Доступно только в Электронных читальных залах Найти на картеНа карте
RUSMARC
00003776nmc2a22002771x 450
001fa6ba4c1-69e8-47a5-9c32-6e21e3ca0cba
00520140115110344.0
100##$a20130529l18971926k y0rusy50 ca
1010#$arus
102##$aRU
105##$ay z |||||
2001#$aГрузенберга О.
$j1897-1926
215##$a19 листов
$cмарки
251##$cДело
300##$aЗаголовок дела на папке: Письма Грузенберга О. Кони А. Ф.
300##$aЛист 17: конверт с марками и штампами
300##$aРукописный текст
330##$aПереписка А. Ф. Кони; Письма к А. Ф. Кони
461#0$10013a54f2e3-e9cf-409b-80fa-f0a9bd3c40cb
$12001
$aКони Анатолий Федорович, юрист, литератор, член академии наук, председатель Санкт-Петербургского окружного суда, член государственного совета
$1251
$cФонд
$1852
$j564
462#0$100178a475cd-a47d-4377-bff3-cee4b81de655
$12001
$aОпись дел фонда А. Ф. Кони за 1880-1931 гг.
$1251
$cОпись
$1852
$j1
517##$aПисьма Грузенберга О. Кони А. Ф.
600#1$aКони
$bА. Ф.
$f1844-1927
$gАнатолий Федорович
600#1$aГрузенберг
$bО.
801#0$aRU
$bGA_RF
801#1$aRU
$bНПО Опыт
$c20130529
$2rusmarc
801#2$aRU
$bПБ им. Б.Н. Ельцина
$c20140115
$gRCR
$2rusmarc
852##$aГА РФ
$j1668
937##$d42824099
$hПБ
035##$aRuPRLIB51002567
Формат отображения